000 00321nam a22001337a 4500
008 171014b xxu||||| |||| 00| 0 eng d
020 _a9780132554855
041 _aeng
080 _a330.101.541
100 _a52
101 _aMAK
245 _aECONOMICS TODAY, MACRO VIEW, AND THE MICRO VIEW
_cMILLER
942 _2udc
_cBK
999 _c33845
_d33845